000 00327nam a2200145 i 4500
001 bg
100 1 _aCELIŃSKI, Zdzisław
245 0 _aPlazma /
_cZdzisław Celiński.
260 _aWarszawa,
_c1980.
040 _cBPK
041 _apol
080 _a533.9:537.8
942 _cKS
008 s pl f |000 0 pol
999 _c21528
_d21528
856 _uhttp://koha.tu.koszalin.pl/cgi-bin/koha/opac-detail.pl?biblionumber=21528
_yKatalog online BPK